Statistiken für Geboren in Ried im Innkreis

Klicken Sie hier um das Quiz zu spielen!

Allgemein

  • Dieses Quiz wurde 6 mal gespielt
  • Das Durchschnittsergebnis liegt bei 2 aus 6

Antwortstatistiken

HinweisAntwort% Korrekt
Skispringer, zweimaliger Gesamtsieger der Vierschanzentournee und dreimaliger Sieger des Gesamtweltcup1972Andreas Goldberger
83%
Physiknobelpreisträger 2022 und Pionier der Quanteninformationswissenschaft1945Anton Zeilinger
33%
NSDAP-Politiker, SS-Funktionär, Chef der Sicherheitspolizei und verurteilter Kriegsverbrecher1903Ernst Kaltenbrunner
33%
Skispringerin, zweifache österreichische Meisterin und dreifache Vizeweltmeisterin mit der Mannschaft1991Jacqueline Seifriedsberger
33%
bayerischer Freiheitskämpfer und Anführer des bayrischen Volksaufstands 17051678Bonaventura Schwanthaler
0%
Polizeioberkommissär in Linz und der zweite Österreicher, der nach dem Anschluss Österreichs von der SS ermordet wurde1903Ludwig Bernegger
0%

Verteilung der Resultate

Perzentil nach korrekt beantworteten Fragen

Anzahl Personen mit jedem Resultat

Ihre Resultats-Entwicklung

Sie haben dieses Quiz noch nicht gespielt